Normal and abnormal red cell membranes : proceedings of the ICN-UCLA symposium held at Keystone, Colorado, March 1978 /

Bibliographic Details
Corporate Authors: ICN Pharmaceuticals, inc, University of California, Los Angeles
Other Authors: Lux, Samuel E., Marchesi, Vincent T., Fox, C. Fred
Format: Book
Language:English
Published: New York, N.Y. : A.R. Liss, [1979]
Series:Progress in clinical and biological research ; v. 30.
Subjects:

MARC

Tag First Indicator Second Indicator Subfields
LEADER 00000cam a2200000 a 4500
001 in00000078806
005 20151008053929.0
008 790430s1979 nyua b 10100 engm
010 |a  79005017  
020 |a 0845100300 :  |c $54.00 
035 |a (OCoLC)04983542 
035 |9 AAH9100AM 
040 |a DLC  |c DLC  |d SMC  |d m.c.  |d TXA  |d UtOrBLW 
049 |a TXAM  |c [1654640] 
050 0 0 |a QP96  |b .N67 
060 0 |a W1 PR668E v.30 1979  |a [WH 150 N842 1978] 
082 0 |a 612/.111 
245 0 0 |a Normal and abnormal red cell membranes :  |b proceedings of the ICN-UCLA symposium held at Keystone, Colorado, March 1978 /  |c editors, Samuel E. Lux, Vincent T. Marchesi, C. Fred Fox. 
264 1 |a New York, N.Y. :  |b A.R. Liss,  |c [1979] 
264 4 |c ©1979 
300 |a xv, 539 pages :  |b illustrations ;  |c 27 cm. 
336 |a text  |b txt  |2 rdacontent 
337 |a unmediated  |b n  |2 rdamedia 
338 |a volume  |b nc  |2 rdacarrier 
490 1 |a Progress in clinical and biological research ;  |v v. 30 
504 |a Includes bibliographical references and indexes. 
650 0 |a Erythrocytes  |v Congresses. 
650 0 |a Cell membranes  |v Congresses. 
650 0 |a Membrane proteins  |v Congresses. 
650 0 |a Erythrocyte disorders  |x Congresses. 
650 2 |a Cell Membrane  |x Congresses. 
650 2 |a Erythrocytes  |x congresses. 
650 2 |a Erythrocytes  |x pathology  |x congresses. 
650 2 |a Membrane Proteins  |x congresses. 
700 1 |a Lux, Samuel E. 
700 1 |a Marchesi, Vincent T. 
700 1 |a Fox, C. Fred. 
710 2 |a ICN Pharmaceuticals, inc. 
710 2 |a University of California, Los Angeles. 
830 0 |a Progress in clinical and biological research ;  |v v. 30. 
999 |a MARS 
999 f f |s 31197b1a-307e-3a3b-90f3-c27470e11d71  |i 878b786c-fa2f-3ce0-b6df-10456b28605d  |t 0 
952 f f |p normal  |a Texas A&M University  |b College Station  |c Sterling C. Evans Library  |d Evans: Library Stacks  |t 0  |e QP96 .N67  |h Library of Congress classification  |i unmediated -- volume  |m A14806223386 
998 f f |a QP96 .N67  |t 0  |l Evans: Library Stacks